Countries ever controlled by Portugal - Statistics

General Stats
  • This quiz has been taken 18 times
    10 since last reset
  • The average score is 13 of 15
Answers on the Map
Answers color-coded by a green-red scale on the quiz's map according to % correct below.
 
Answer Stats
Answer % Correct
Angola
100%
Brazil
100%
China (Macau)
100%
Guinea-Bissau
100%
Mozambique
100%
Portugal
100%
East Timor
90%
India (Goa, Damman)
90%
Cape Verde
80%
Malaysia (Malacca)
80%
Sao Tome and Principe
80%
Indonesia
70%
Japan
70%
Equatorial Guinea
60%
Sri Lanka
60%
No matching quizzes found
Score Distribution
Percent of People with Each Score
Percentile by Number Answered
Your Score History
You have not taken this quiz since the last reset